000 00805nam a2200253 i 4500
001 000040176
003 DO-SdBNP
005 20250714134340.0
007 ta
008 130813s1999 dr a 000 0 spa d
040 _aDO-SdBNP
_bspa
_cBNPHU
_erda
082 4 _222
110 2 _aBanco Central de la República Dominicana
_983405
245 1 0 _aPinacoteca /
_cMarianne de Tolentino, Danilo de los Santos.
264 _aSanto Domingo :
_bBanco Central de la República Dominicana,
_c1999.
300 _a204 páginas [61] láminas :
_bilustraciones ;
_c31 cm.
336 _2rdacontent
_atexto
_btxt
337 _2rdamedia
_asin medición
_bn
338 _2rdacarrier
_avolumen
_bnc
590 _aInventariado, 2024/BT
700 1 _aSantos Danilo de los
_915222
910 _aBtavárez
942 _2ddc
_cLBS1
999 _c39666
_d39666